000 00328nam a2200145Ia 4500
008 150201s2012 xx 000 0 und d
082 _a610.7
_bC12G
100 _aGUSAIN, SHOBHA
245 _aCARING FOR ELDERLY
250 _a1ST
260 _bKUMAR PUB.
_aDELHI
_c2012
300 _a123
650 _aNURSING
942 _2ddc
_cBK
999 _c2290
_d2290